Study on women's income generation through small-scaled handicraft in kompong speu province caaep, ការសិក្សាពីការរកប្រាក់ចំណូលរបស់ស្រ្តីតាមរយៈការធ្វើសិប្បកម្មខ្នាតតូចនៅខេត្តកំពង់ស្ពឺរបស់គំរោងការផ្សព្វផ្សាយកសិកម្មកម្ពុជា-អូស្រ្តាលី (Record no. 4336)
[ view plain ]
| 000 -LEADER | |
|---|---|
| fixed length control field | 00861nam a22001577a 4500 |
| 003 - CONTROL NUMBER IDENTIFIER | |
| control field | OSt |
| 005 - DATE AND TIME OF LATEST TRANSACTION | |
| control field | 20151210113144.0 |
| 008 - FIXED-LENGTH DATA ELEMENTS--GENERAL INFORMATION | |
| fixed length control field | 151210b xxu||||| |||| 00| 0 eng d |
| 040 ## - CATALOGING SOURCE | |
| Transcribing agency | RUA |
| 082 ## - DEWEY DECIMAL CLASSIFICATION NUMBER | |
| Classification number | ATM CHH 2004 B205 Or.1 |
| 100 ## - MAIN ENTRY--PERSONAL NAME | |
| 9 (RLIN) | 4652 |
| Personal name | CHHIEU, CHHINARATH |
| 245 ## - TITLE STATEMENT | |
| Title | Study on women's income generation through small-scaled handicraft in kompong speu province caaep, ការសិក្សាពីការរកប្រាក់ចំណូលរបស់ស្រ្តីតាមរយៈការធ្វើសិប្បកម្មខ្នាតតូចនៅខេត្តកំពង់ស្ពឺរបស់គំរោងការផ្សព្វផ្សាយកសិកម្មកម្ពុជា-អូស្រ្តាលី |
| 260 ## - PUBLICATION, DISTRIBUTION, ETC. (IMPRINT) | |
| Place of publication, distribution, etc. | Phnom Penh |
| Name of publisher, distributor, etc. | RUA |
| Date of publication, distribution, etc. | 2004 |
| 300 ## - PHYSICAL DESCRIPTION | |
| Extent | viii, 49p. |
| Other physical details | ill. |
| Dimensions | 29cm. |
| 942 ## - ADDED ENTRY ELEMENTS (KOHA) | |
| Source of classification or shelving scheme | |
| Koha item type | ATM |
| Price effective from | Date last seen | Permanent Location | Not for loan | Date acquired | Date last checked out | Source of classification or shelving scheme | Koha item type | Total Checkouts | Barcode | Lost status | Damaged status | Withdrawn status | Current Location | Full call number |
|---|---|---|---|---|---|---|---|---|---|---|---|---|---|---|
| 2015-12-10 | 2016-06-05 | Library Block B | 2015-12-10 | 2016-04-23 | ATM | 1 | RUA033895 | Library Block B | ATM CHH 2004 B205 Or.1 | |||||
| 2015-12-10 | 2015-12-10 | Library Block B | 2015-12-10 | ATM | RUA033638 | Library Block B | ATM CHH 2004 B205 Or.2 | |||||||
| 2015-12-10 | 2015-12-10 | Library Block B | 2015-12-10 | ATM | RUA038350 | Library Block B | ATM CHH 2004 B205 Or.3 | |||||||
| 2015-12-10 | 2023-03-10 | Library Block B | 2015-12-10 | 2023-02-20 | ATM | 1 | RUA038466 | Library Block B | ATM CHH 2004 B205 Or.4 | |||||
| 2015-12-10 | 2015-12-10 | Library Block B | 2015-12-10 | ATM | RUA038846 | Library Block B | ATM CHH 2004 B205 Or.5 | |||||||
| 2015-12-10 | 2015-12-10 | Library Block B | 2015-12-10 | ATM | RUA038847 | Library Block B | ATM CHH 2004 B205 Or.6 | |||||||
| 2015-12-10 | 2015-12-10 | Library Block B | 2015-12-10 | ATM | RUA038581 | Library Block B | ATM CHH 2004 B205 Or.7 | |||||||
| 2015-12-10 | 2015-12-10 | Library Block B | 2015-12-10 | ATM | RUA038787 | Library Block B | ATM CHH 2004 B205 Or.8 |